Santa Teresa de Jesús. Su vida, su espiritu, sus fundaciones

Պահպանված է:
Մատենագիտական մանրամասներ
Հիմնական հեղինակ: Mir, Miguel (autor)
Ձևաչափ: Գիրք
Լեզու:իսպաներեն
Հրապարակվել է: Madrid Jaime Ratés 1912
Խորագրեր:
Ցուցիչներ: Ավելացրեք ցուցիչ
Չկան պիտակներ, Եղեք առաջինը, ով նշում է այս գրառումը!

MARC

LEADER 00000nam a2200000 a 4500
001 UCI5057
003 CL-VaPUC
008 080314e19120000SP |||||||||||||||||spa|d
082 0 4 |a 922.22  |b MIR  |2 21 
100 |a Mir, Miguel  |e autor  |9 515203 
245 1 0 |a Santa Teresa de Jesús. Su vida, su espiritu, sus fundaciones 
300 |a v 
942 |c BK 
945 |d 20080314 00:00:00  |a rbrito 
260 |a Madrid  |b Jaime Ratés  |c 1912 
500 |a Donación Padres Capuchinos 
600 0 7 |a SANTA TERESA DE JESUS  |2 CL-VaPUC  |9 313710 
650 0 |a Biografías  |9 255210 
650 7 |a SANTO  |2 CL-VaPUC  |9 526878 
650 0 |a Vida religiosa  |9 257284 
583 |a last modification  |c 20080314 00:00:00  |k Rodrigo Vera 
999 |c 328821  |d 328819 
952 |0 0  |1 0  |4 0  |6 922_220000000000000_MIR_1912  |7 0  |8 X  |9 412996  |a FDOBUD  |b FDOBUD  |d 2019-11-22  |h v.2  |i 440937K  |o 922.22 MIR 1912  |p 440937K  |r 2019-11-22  |w 2019-11-22  |y BK_X  |k BUD 
952 |0 0  |1 0  |4 0  |6 922_220000000000000_MIR_1912  |7 0  |8 X  |9 412997  |a FDOBUD  |b FDOBUD  |d 2019-11-22  |h v.2  |i 4443179  |o 922.22 MIR 1912  |p 4443179  |r 2019-11-22  |w 2019-11-22  |y BK_X  |k BUD